000 00530nam a22001817a 4500
008 151002b xxu||||| |||| 00| 0 eng d
020 _a0132213893 (alk. paper)
041 0 _aeng
080 _a336
100 1 _aKeown, Arthur J.
245 1 0 _aPersonal finance :
_cArthur J. Keown.
250 _a4th ed.
260 _aUpper Saddle River, NJ :
_bPearson Prentice Hall,
_c2007.
300 _axxxi, 640 f. :
_bme il.;
_c27 cm.
650 0 _aFinanca Personale
650 0 _aInvestimet
942 _2udc
_cBK
999 _c1219
_d1219